000 01116nam a22002055i 4500
001 163439
003 ES-MaACL
005 20250918063041.0
008 951113m18621865sp |||| | spa d
080 _a929(100):235.3
100 1 _aRibadeneira, Pedro de,
_d1527-1611
_9147986
245 1 0 _aFlos sanctorum :
_bnuevo año cristiano : vidas de los santos /
_cpor Pedro de Ribadeneyra ; va adicionada esta obra con las vidas de los santos más notables que se han canonizado posteriormente, y con las lecciones del martirologio.
260 _aCádiz :
_b[s.n.],
_c1862-1865 (
_fImp. y Lit. de la Revista Médica)
300 _a12 v. ;
_c19 cm.
597 _aVol. I (484 p.) -- vol. II (528 p.) -- vol. III (372 p.) -- vol. IV (528 p. ) -- vol. V (377 p.) -- vol. VI (419 p.) -- vol. VII (487 p.) -- vol. VIII (429 p.) -- vol. IX (399 p.) -- vol. X (428 p.) -- vol. XI (399 p.) -- vol. XII (350 p.)
650 4 _aCalendario eclesiástico.
_9135709
650 4 _aSantos cristianos-
_xBiografías.
_9159200
852 4 _aES-MaACL
_jC-20067-78
_z- Enc. hol.
_xOlim: F-11223-34
999 _c163439
_d163439